Southville International School and Colleges
Your cart is empty.
  • Cart
  • Lists
    Public lists Eva Luna New books Lux_list list_1
    Your lists Log in to create your own lists
  • Log in to your account
  • Your cookies
  • Search history
Southville International School and Colleges
  • Advanced search
  • Recent comments
  • Most popular
  • Libraries

Log in to your account

Log in with GOOGLE


If you do not have an external account, but do have a local account, you can still log in:

  1. Home
  2. MARC view: Earning money in ways you never thought of /
Normal view MARC view ISBD view

Earning money in ways you never thought of / (Record no. 19611)

[ view plain ]
MARC details
000 -LEADER
fixed length control field 00577nam a2200193 a 4500
005 - DATE AND TIME OF LATEST TRANSACTION
control field 20140310183149.0
008 - FIXED-LENGTH DATA ELEMENTS--GENERAL INFORMATION
fixed length control field 030304s19uu xx 00 eng d
020 ## - INTERNATIONAL STANDARD BOOK NUMBER
International Standard Book Number 0590313371
050 ## - LIBRARY OF CONGRESS CALL NUMBER
Classification number HG 179
Item number .R881 1980
100 ## - MAIN ENTRY--PERSONAL NAME
Personal name Rowes, Barbara
245 ## - TITLE STATEMENT
Title Earning money in ways you never thought of /
Statement of responsibility, etc Barbara Rowes.
260 ## - PUBLICATION, DISTRIBUTION, ETC. (IMPRINT)
Place of publication, distribution, etc New York :
Name of publisher, distributor, etc Scholastic Book Services,
Date of publication, distribution, etc 1980.
300 ## - PHYSICAL DESCRIPTION
Extent 90 p. :
Other physical details ill.
Dimensions 19 cm.
521 ## - TARGET AUDIENCE NOTE
Target audience note
650 ## - SUBJECT ADDED ENTRY--TOPICAL TERM
Topical term or geographic name as entry element Wages
General subdivision Juvenile literature
650 ## - SUBJECT ADDED ENTRY--TOPICAL TERM
Topical term or geographic name as entry element Finance, Personnel
General subdivision Juvenile literature
942 ## - ADDED ENTRY ELEMENTS (KOHA)
Koha item type Books
Source of classification or shelving scheme Library of Congress Classification
Call number prefix Foreign
Holdings
Withdrawn status Lost status Source of classification or shelving scheme Damaged status Home library Current library Shelving location Date acquired Source of acquisition Total Checkouts Full call number Barcode Date last seen Copy number Price effective from Koha item type
    Library of Congress Classification   Archives Archives   02/28/2003 Donation   HG 179 .R881 1980 C0755 05/15/2018 1 10/10/2013 Books

Earning money in ways you never thought of /

APA

Rowes B., . (1980). Earning money in ways you never thought of. New York: Scholastic Book Services.

Chicago

Rowes Barbara, . 1980. Earning money in ways you never thought of. New York: Scholastic Book Services.

Harvard

Rowes B., . (1980). Earning money in ways you never thought of. New York: Scholastic Book Services.

MLA

Rowes Barbara, . Earning money in ways you never thought of. New York: Scholastic Book Services. 1980.

  • Place hold
  • Print
  • Cite
  • Add to your cart (remove)
  • Save record
    BIBTEX Dublin Core MARCXML MARC (non-Unicode/MARC-8) MARC (Unicode/UTF-8) MARC (Unicode/UTF-8, Standard) MODS (XML) RIS
  • More searches
    Search for this title in:
    Other Libraries (WorldCat) Other Databases (Google Scholar) Online Stores (Bookfinder.com) Open Library (openlibrary.org)

Exporting to Dublin Core...

SOUTHVILLE LIBRARY

Southville International School and Colleges Library

1281 Tropical Ave. Cor. Luxembourg St., BF Homes International, Las Pinas City

Tel. No. 8256374 / 252358 Loc. 117/146

Powered by Koha